| 000 | 00621cam a2200157 a 4500 | ||
|---|---|---|---|
| 020 | _a0801825849 (pbk.) : | ||
| 082 | 0 | 0 |
_a328.1091724 _bAPP _cD |
| 245 | 0 | 0 |
_aAppropriate sanitation alternatives : _ba planning and design manual / _cJohn M. Kalbermatten ... [et al.]. |
| 260 |
_aBaltimore : _bPublished for the World Bank [by] the Johns Hopkins University Press, _cc1982. |
||
| 300 |
_axiii, 160 p. : _bill. ; _c28 cm. |
||
| 500 | _aIncludes index. | ||
| 526 |
_a0 _b0 _c0 _d328_109172400000000_APP |
||
| 650 | 0 |
_aSanitary engineering _zDeveloping countries. _96140 |
|
| 700 | 1 |
_aKalbermatten, John M. _937845 |
|
| 942 |
_2ddc _cBK |
||
| 999 |
_c542607 _d542607 |
||